| 000 | 00556nam a22001697a 4500 | ||
|---|---|---|---|
| 999 |
_c15261 _d15261 |
||
| 003 | OSt | ||
| 082 | _2631.3 JOB/DE | ||
| 088 | _aT 35 | ||
| 100 |
_aJOBY VASTIAN _92874 |
||
| 245 | _aDesign fabrication and testing of a cashewnut decorticator | ||
| 260 |
_aTavanur 1993 _bKelappaji College of Agricultural Engineering and Technology |
||
| 300 | _a65 | ||
| 500 | _aDesign fabrication and testing of a cashewnut decorticator | ||
| 520 | _aDesign fabrication and testing of a cashewnut decorticator | ||
| 700 |
_aEr. Jippu Jacob (Guide) _92268 |
||
| 942 | _cTH | ||